European hotel industry performance in 2008 (Record no. 81839)
[ view plain ]
| 000 -LEADER | |
|---|---|
| fixed length control field | 01292cab a22002055a 4500 |
| 001 - CONTROL NUMBER | |
| control field | L148445 |
| 008 - FIXED-LENGTH DATA ELEMENTS--GENERAL INFORMATION | |
| fixed length control field | 090918s2009 xxkd f 000 0 eng d |
| 035 ## - SYSTEM CONTROL NUMBER | |
| System control number | (Sirsi) u148445 |
| 041 0# - LANGUAGE CODE | |
| Language code of text/sound track or separate title | eng |
| 100 1# - MAIN ENTRY--PERSONAL NAME | |
| Personal name | Balekjian, Cristina |
| 245 00 - TITLE STATEMENT | |
| Title | European hotel industry performance in 2008 |
| 260 ## - PUBLICATION, DISTRIBUTION, ETC. | |
| Date of publication, distribution, etc. | 2009 |
| 490 #0 - SERIES STATEMENT | |
| Series statement | Journal of Retail and Leisure Property |
| Volume/sequential designation | 8(3) 2009, 153-158(6) |
| 520 ## - SUMMARY, ETC. | |
| Summary, etc. | Assesses European hotel industry performance in 2008 using data from Hotel Valuation Service's "European Hotel Valuation Index" and "European Hotel Transaction Review". A Europe-wide 10.5% decrease in hotel values and 42 basis points increase in yield was less than expected or predicted by some for 2008. Hotel deals were matched 2007 numbers in the first six months of 2008 but tailed off in the second half of the year. European hotel assets remained globally a major attraction for investors. 2009 is going to be a year of de-leveraging and investing in prime locations, established markets and good-quality products. Tables. References. |
| 590 ## - LOCAL NOTE (RLIN) | |
| Local note | KA |
| 651 #4 - SUBJECT ADDED ENTRY--GEOGRAPHIC NAME | |
| Geographic name | Europe |
| 690 ## - LOCAL SUBJECT ADDED ENTRY--TOPICAL TERM (OCLC, RLIN) | |
| Topical term or geographic name as entry element | PROPERTY-COMMERCIAL PROPERTY-COMMERCIAL PROPERTY FINANCE AND INVESTMENT |
| 690 ## - LOCAL SUBJECT ADDED ENTRY--TOPICAL TERM (OCLC, RLIN) | |
| Topical term or geographic name as entry element | PROPERTY-COMMERCIAL PROPERTY-LEISURE PROPERTY-HOLIDAY AND GUEST PROPERTY-HOTEL PROPERTY-HOTELS |
| 942 ## - ADDED ENTRY ELEMENTS (KOHA) | |
| Suppress in OPAC | 0 |
| Withdrawn status | Lost status | Source of classification or shelving scheme | Damaged status | Not for loan | Home library | Current library | Shelving location | Date acquired | Total Checkouts | Full call number | Barcode | Date last seen | Copy number | Price effective from | Koha item type |
|---|---|---|---|---|---|---|---|---|---|---|---|---|---|---|---|
| Dewey Decimal Classification | London | London | Journal article | 18/09/2009 | L148445 | 148445-1001 | 06/08/2019 | 1 | 06/08/2019 | Journal article |